Soap Operas (US) Quiz Stats

 Plays Quiz Updated Apr 26, 2019

Score 0/12 Timer 05:00
0 Plays Today
Years Soap Opera % Correct
1963-General Hospital
84.5%
1965-Days of Our Lives
82%
1970-2011All My Children
68.2%
1973-The Young and the Restless
63.7%
1956-2010As the World Turns
60.1%
1952-2009Guiding Light
55.5%
1968-2012One Life to Live
55.3%
1987-The Bold and the Beautiful
51.7%
1964-1999Another World
24%
1956-1984The Edge of Night
14.8%
1951-1986Search for Tomorrow
11.1%
1951-1980Love of Life
5.1%

You're not logged in!

Compare scores with friends on all Sporcle quizzes.
OR
Log In

Sporcle TV

Today on Sporcle TV


Watch our educational content, quiz creation guides, and fun videos on Sporcle TV.

Show Comments

Extras

Top Quizzes Today


Score Distribution

Your Account Isn't Verified!

In order to create a playlist on Sporcle, you need to verify the email address you used during registration. Go to your Sporcle Settings to finish the process.

Report this User

Report this user for behavior that violates our Community Guidelines.

Details: